书目信息 |
| 题名: |
刑事诉讼举证责任 十一
|
|
| 作者: | 宋纯新 主编 | |
| 分册: | ||
| 出版信息: | 北京 中国方正出版社 2001 |
|
| 页数: | 9775-6341页 | |
| 开本: | 19cm | |
| 丛书名: | 诉讼举证责任丛书 | |
| 单 册: | ||
| 中图分类: | D925.213.4 | |
| 科图分类: | ||
| 主题词: | 刑事诉讼--举证责任--中国 , 刑事诉讼 , 举证责任 | |
| 电子资源: | ||
| ISBN: | 7-80107-461-0 | |
| 000 | 00815oam2 2200277 45 | |
| 001 | (011001)c2001047258 | |
| 005 | 20091029095640.10 | |
| 009 | (011001)c2001047258 | |
| 010 | @a7-80107-461-0@dCNY30.00 | |
| 035 | @a(011001)c2001047258 | |
| 100 | @a20010521d2001 em y0chiy0110 ea | |
| 101 | 0 | @achi |
| 102 | @aCN@b110000 | |
| 105 | @ay z 000yy | |
| 200 | 1 | @a刑事诉讼举证责任 十一@Axing shi su song ju zheng ze ren shi yi@f宋纯新主编@Fsong chun xin zhu bian |
| 210 | @a北京@c中国方正出版社@d2001 | |
| 215 | @a9775-6341页@d19cm | |
| 225 | 2 | @a诉讼举证责任丛书 |
| 606 | 0 | @a刑事诉讼@x举证责任@y中国 |
| 606 | 0 | @a刑事诉讼 |
| 606 | 0 | @a举证责任 |
| 690 | @aD925.213.4@v4 | |
| 701 | 0 | @a宋纯新@Asong chun xin@4主编 |
| 801 | 0 | @aCN@c20091029 |
| 905 | @aBZT@dD925.213.4@e1-11 | |
| 906 | @dCNY309.00@n0@r1 | |
| 刑事诉讼举证责任 十一/宋纯新主编.-北京:中国方正出版社,2001 |
| 9775-6341页;19cm.-(诉讼举证责任丛书) |
| ISBN 7-80107-461-0:CNY30.00 |
| ● |
| 相关链接 |
|
|
|
正题名:刑事诉讼举证责任 十一
索取号:D925.213.4/1-11
 
预约/预借
| 序号 | 登录号 | 条形码 | 馆藏地/架位号 | 状态 | 备注 |
| 1 | 426111 | 210539229 | 中心书库南/014架A面3层7列/ [索取号:D925.213.4/1-11] | 在馆 | |
| 2 | 426112 | 210539210 | 中心书库南/014架A面3层7列/ [索取号:D925.213.4/1-11] | 在馆 | |
| 3 | 426113 | 210539201 | 中心书库南/014架A面3层7列/ [索取号:D925.213.4/1-11] | 在馆 | |
| 4 | 426114 | 210539256 | 中心书库南/014架A面3层7列/ [索取号:D925.213.4/1-11] | 在馆 | |
| 5 | 426115 | 210539247 | 中心书库南/014架A面3层7列/ [索取号:D925.213.4/1-11] | 在馆 | |
| 6 | 426116 | 210539238 | 中心书库南/014架A面3层7列/ [索取号:D925.213.4/1-11] | 在馆 | |
| 7 | 426117 | 210539292 | 中心书库南/014架A面3层7列/ [索取号:D925.213.4/1-11] | 在馆 | |
| 8 | 426118 | 210539283 | 中心书库南/014架A面3层7列/ [索取号:D925.213.4/1-11] | 在馆 | |
| 9 | 426119 | 210539265 | 中心书库南/014架A面3层7列/ [索取号:D925.213.4/1-11] | 在馆 | |
| 10 | 426120 | 210539274 | 中心书库南/014架A面3层7列/ [索取号:D925.213.4/1-11] | 在馆 |